| 000 | 00706cam a2200205 a 4500 | ||
|---|---|---|---|
| 001 | 4491865 | ||
| 005 | 20250603153118.0 | ||
| 008 | 971121r19981988miua b 000 0 eng | ||
| 020 | _a0801021790 | ||
| 050 | 0 | 0 |
_aBV1534 _b.C477 1998 |
| 082 | 0 | 0 |
_a268/.6 _221 |
| 245 | 0 | 4 |
_aThe Christian educator's handbook on teaching / _cedited by Kenneth O. Gangel and Howard G. Hendricks. |
| 260 |
_aGrand Rapids, Mich. : _bBaker Books, _c1998 _g(2002 printing) |
||
| 300 |
_a358 p. : _bill. ; _c23 cm. |
||
| 500 | _aOriginally published: Wheaton, IL : Victor Books, c1988. | ||
| 650 | 0 |
_aChristian education _xTeaching methods. |
|
| 700 | 1 | _aGangel, Kenneth O. | |
| 700 | 1 | _aHendricks, Howard G. | |
| 942 |
_2lcc _cBK _n0 |
||
| 999 |
_c6223 _d6223 |
||